Textbook of electrical technology (Record no. 30106)

000 -LEADER
fixed length control field 00473nam a22001937a 4500
001 - CONTROL NUMBER
control field 30106
003 - CONTROL NUMBER IDENTIFIER
control field BD-DhUET
008 - FIXED-LENGTH DATA ELEMENTS--GENERAL INFORMATION
fixed length control field 150620b xxu||||| |||| 00| 0 eng d
040 ## - CATALOGING SOURCE
Transcribing agency 0
Modifying agency BD-DhUET
082 ## - DEWEY DECIMAL CLASSIFICATION NUMBER
Classification number 623
Item number THE/1972
100 ## - MAIN ENTRY--PERSONAL NAME
Personal name Theraja, B. L.
245 ## - TITLE STATEMENT
Title Textbook of electrical technology
250 ## - EDITION STATEMENT
Edition statement 1st ed.
260 ## - PUBLICATION, DISTRIBUTION, ETC. (IMPRINT)
Place of publication, distribution, etc. New Delhi
Name of publisher, distributor, etc. S. Chand
Date of publication, distribution, etc. 1972
300 ## - PHYSICAL DESCRIPTION
Extent 1830 p.
Other physical details ill.
650 #0 - SUBJECT ADDED ENTRY--TOPICAL TERM
Topical term or geographic name as entry element Electrical engineering
700 ## - ADDED ENTRY--PERSONAL NAME
Personal name Deshpande, D. L.
942 ## - ADDED ENTRY ELEMENTS (KOHA)
Koha item type General Book
Holdings
Koha item type Date acquired Sublocation or collection (holding branch) Damaged status Koha normalized classification for sorting Lost status Not for loan Withdrawn status Copy number Koha date last seen Location (home branch) Shelving location Price effective from Koha full call number Piece designation (barcode) Source of classification or shelving scheme
Reading Item2015-06-20Central Library, BUET 623_000000000000000_THE_1972   12015-06-20Central Library, BUETReading section2015-06-20623/THE/197225557 
Reading Item2015-06-20Central Library, BUET 623_000000000000000_THE_1972   22015-06-20Central Library, BUETReading section2015-06-20623/THE/197224103 
Reading Item2015-06-20Central Library, BUET 623_000000000000000_THE_1972   32015-06-20Central Library, BUETReading section2015-06-20623/THE/197225558 
General Book2015-06-20Central Library, BUET 623_000000000000000_THE_1972   42015-06-20Central Library, BUETReading section2015-06-20623/THE/197224102 
Reading Item2015-06-20Central Library, BUET 623_000000000000000_THE_1972   52015-06-20Central Library, BUETReading section2015-06-20623/THE/197224101